Inversión en infraestructura y reducción de la pobreza /

Uloženo v:
Podrobná bibliografie
Hlavní autor: Taylor, Marvin
Médium: Text
Tagy: Přidat tag
Žádné tagy, Buďte první, kdo vytvoří štítek k tomuto záznamu!

MARC

LEADER 00000 a a2200000 04500
001 47732
003
040
100 |a Taylor, Marvin  
245 |a Inversión en infraestructura y reducción de la pobreza /  |c Marvin Taylor  
773 |g páginas 143-150 : gráficos  
999 |c 28361  |d 28361